[Event "FRA-chT1B 0708"]
[Site "France"]
[Date "2007.11.24"]
[Round "2.6"]
[White "Pieroni, Guillaume"]
[Black "Burnier, David"]
[Result "0-1"]
[WhiteElo "2228"]
[BlackElo "2304"]
[PlyCount "58"]
[EventDate "2007.10.21"]
[EventType "team"]
[EventRounds "11"]
[EventCountry "FRA"]
[SourceTitle "EXT 2009"]
[Source "ChessBase"]
[SourceDate "2008.11.26"]
[SourceVersion "1"]
[SourceVersionDate "2008.11.26"]
[SourceQuality "1"]
[WhiteTeam "Avignon"]
[BlackTeam "Besancon TPG"]
[WhiteTeamCountry "FRA"]
[BlackTeamCountry "FRA"]

1. e4 e5 2. d4 exd4 3. Qxd4 Nc6 4. Qe3 Nf6 5. Nc3 d6 6. Bd2 g6 7. 0-0-0 Bg7 8. f3 0-0 9. Qf2 Be6 10. h4 h5 11. Nge2 Ne5 12. Bg5 c6 13. Nf4 Bc4 14. Bxc4 Nxc4 15. Rhe1 Qa5 16. Qd4 b5 17. Bxf6 c5 18. Qd5 Bxf6 19. e5 Bxe5 20. Rxe5 dxe5 21. Nd3 Ne3 22. Qxe5 Rfe8 23. Qxc5 Nxd1 24. Kxd1 Rac8 25. Qxb5 Qd8 26. Qg5 Qd4 27. Ne4 Kg7 28. Ng3 Qg1+ 29. Kd2 Qxg2+ 0-1

[Event "FRA-ch Accession"]
[Site "Aix les Bains"]
[Date "2007.08.15"]
[Round "2"]
[White "Pieroni, Guillaume"]
[Black "Bailet, Pierre"]
[Result "1/2-1/2"]
[WhiteElo "2244"]
[BlackElo "2169"]
[PlyCount "31"]
[EventDate "2007.08.13"]
[EventType "swiss"]
[EventRounds "11"]
[EventCountry "FRA"]
[SourceTitle "CBM 120 Extra"]
[Source "ChessBase"]
[SourceDate "2007.11.01"]
[SourceVersion "1"]
[SourceVersionDate "2007.11.01"]
[SourceQuality "1"]

1. e4 c5 2. Ne2 d6 3. g3 d5 4. Bg2 dxe4 5. Nbc3 Nf6 6. Nxe4 Nxe4 7. Bxe4 Nd7 8. d4 Nf6 9. Bg2 e6 10. 0-0 Qc7 11. Re1 Bd7 12. d5 0-0-0 13. Bf4 Bd6 14. Bxd6 Qxd6 15. dxe6 Bxe6 16. Qxd6 1/2-1/2

[Event "FRA-chT Top 16 GpA"]
[Site "France"]
[Date "2006.03.31"]
[Round "5"]
[White "Pieroni, Guillaume"]
[Black "Giffard, Nicolas"]
[Result "0-1"]
[WhiteElo "2158"]
[BlackElo "2313"]
[PlyCount "84"]
[EventDate "2006.02.03"]
[EventType "team-tourn"]
[EventRounds "7"]
[EventCountry "FRA"]
[SourceTitle "CBM 111 Extra"]
[Source "ChessBase"]
[SourceDate "2006.05.09"]
[SourceVersion "1"]
[SourceVersionDate "2006.05.09"]
[SourceQuality "1"]
[WhiteTeam "Avignon"]
[BlackTeam "Drancy"]
[WhiteTeamCountry "FRA"]
[BlackTeamCountry "FRA"]

1. e4 c6 2. d4 d5 3. e5 Bf5 4. Nf3 e6 5. Be2 Ne7 6. 0-0 h6 7. c3 Nd7 8. Nbd2 Ng6 9. Nb3 a5 10. Be3 a4 11. Nbd2 Qb6 12. b4 Qc7 13. Ne1 Ne7 14. f4 b5 15. g4 Bh7 16. Bf2 0-0-0 17. Bg3 Qa7 18. Nc2 h5 19. Na3 Nb6 20. h3 hxg4 21. hxg4 Nc4 22. Qc1 Qd7 23. Rf2 Bg6 24. Nc2 Nxd2 25. Qxd2 Be4 26. Rh2 Rxh2 27. Kxh2 Kb7 28. Bd3 f5 29. exf6 gxf6 30. Bh4 Bg7 31. Bxe4 dxe4 32. Kg2 Nd5 33. Bg3 Bh6 34. Rh1 Qg7 35. Rh4 e5 36. g5 fxg5 37. fxg5 Bxg5 38. Rg4 Rg8 39. Bxe5 Qg6 40. Qe1 e3 41. Na3 Qf5 42. Qg3 e2 0-1

[Event "FRA-chT Top 16 GpA"]
[Site "France"]
[Date "2006.03.30"]
[Round "4"]
[White "Wirig, Anthony"]
[Black "Pieroni, Guillaume"]
[Result "1/2-1/2"]
[WhiteElo "2410"]
[BlackElo "2158"]
[PlyCount "70"]
[EventDate "2006.02.03"]
[EventType "team-tourn"]
[EventRounds "7"]
[EventCountry "FRA"]
[SourceTitle "CBM 111 Extra"]
[Source "ChessBase"]
[SourceDate "2006.05.09"]
[SourceVersion "1"]
[SourceVersionDate "2006.05.09"]
[SourceQuality "1"]
[WhiteTeam "Mulhouse"]
[BlackTeam "Avignon"]
[WhiteTeamCountry "FRA"]
[BlackTeamCountry "FRA"]

1. c4 e6 2. Nc3 Nf6 3. e4 d5 4. e5 Ne4 5. Nf3 Be7 6. Qe2 Nxc3 7. dxc3 b6 8. Bf4 Ba6 9. Qc2 0-0 10. Rd1 c6 11. Bd3 h6 12. h4 Nd7 13. Bh7+ Kh8 14. cxd5 cxd5 15. Ng5 Nxe5 16. Bg8 Ng6 17. Bxf7 Bxg5 18. Bxg5 Ne7 19. Bxe7 Qxe7 20. Bg6 Rf4 21. g3 Rf6 22. Bd3 Bxd3 23. Qxd3 Raf8 24. 0-0 Rf3 25. Qe2 Qf6 26. Rde1 d4 27. Qxe6 dxc3 28. Qxf6 R8xf6 29. bxc3 Rxc3 30. Re2 Ra3 31. Rd1 Rf7 32. Rd8+ Kh7 33. Rb8 Ra5 34. Kg2 Raf5 35. Rb2 Rf3 1/2-1/2

[Event "FRA-chT Top 16 GpA"]
[Site "France"]
[Date "2006.02.03"]
[Round "1"]
[White "Koch, Jean Rene"]
[Black "Pieroni, Guillaume"]
[Result "1/2-1/2"]
[WhiteElo "2441"]
[BlackElo "2158"]
[PlyCount "93"]
[EventDate "2006.02.03"]
[EventType "team-tourn"]
[EventRounds "7"]
[EventCountry "FRA"]
[SourceTitle "EXT 2007"]
[Source "ChessBase"]
[SourceDate "2006.11.23"]
[SourceVersion "1"]
[SourceVersionDate "2006.11.23"]
[SourceQuality "1"]
[WhiteTeam "Clichy"]
[BlackTeam "Avignon"]
[WhiteTeamCountry "FRA"]
[BlackTeamCountry "FRA"]

1. e4 e6 2. d3 d5 3. Nd2 Nf6 4. Ngf3 c5 5. g3 Nc6 6. Bg2 Be7 7. 0-0 0-0 8. Re1 Qc7 9. e5 Nd7 10. Qe2 f6 11. exf6 Nxf6 12. c4 Bd6 13. Nb3 Bd7 14. Be3 d4 15. Bg5 e5 16. Nfd2 Bg4 17. Bf3 Bxf3 18. Nxf3 Ng4 19. h3 Qf7 20. Nbd2 Nf6 21. Nh4 Ne8 22. Ne4 h6 23. Bd2 Be7 24. Ng2 Qf3 25. a3 a5 26. Rad1 a4 27. Rb1 Nc7 28. b3 b5 29. cxb5 Nxb5 30. bxa4 Nxa3 31. Rbc1 c4 32. dxc4 Qxe2 33. Rxe2 Rxa4 34. c5 Rd8 35. f3 d3 36. Rf2 Nd4 37. Kh2 Rf8 38. Ne1 Ne2 39. Ra1 Rxe4 40. Rxa3 Bxc5 41. Rxd3 Bxf2 42. fxe4 Bg1+ 43. Kh1 Rf2 44. Nf3 Rf1 45. Kg2 Rf2+ 46. Kh1 Rf1 47. Kg2 1/2-1/2

[Event "FRA-ch op-A"]
[Site "Chartres"]
[Date "2005.??.??"]
[Round "8"]
[White "Bianchi, Guillaume"]
[Black "Pieroni, Guillaume"]
[Result "0-1"]
[WhiteElo "2155"]
[BlackElo "2097"]
[PlyCount "116"]
[EventDate "2005.08.15"]
[EventType "swiss"]
[EventRounds "11"]
[EventCountry "FRA"]
[SourceTitle "EXT 2006"]
[Source "ChessBase"]
[SourceDate "2005.11.24"]
[SourceVersion "1"]
[SourceVersionDate "2005.11.24"]
[SourceQuality "1"]

1. d4 e6 2. c4 Nf6 3. Nc3 d5 4. cxd5 exd5 5. Bg5 Be7 6. e3 c6 7. Qc2 Nbd7 8. Bd3 0-0 9. Nf3 Re8 10. 0-0 Nf8 11. h3 Ne4 12. Bf4 f5 13. Ne5 Ng6 14. Nxg6 hxg6 15. f3 Nf6 16. Qf2 Nh5 17. Be5 Bh4 18. Qc2 Ng3 19. Rfd1 Qg5 20. Bf4 Qe7 21. Ne2 Nxe2+ 22. Qxe2 Bf6 23. Re1 g5 24. Bg3 Qb4 25. a3 Qb6 26. Qd2 Bd7 27. Bf2 Re7 28. Rad1 Rae8 29. Bb1 Qb3 30. Qc1 g6 31. Bc2 Qb6 32. Qb1 Qa5 33. g4 Rh7 34. Kg2 Rf8 35. gxf5 Bd8 36. e4 dxe4 37. fxe4 gxf5 38. exf5 Bxf5 39. Re5 Bxc2 40. Qa2+ Rhf7 41. Rxa5 Bxa5 42. Rc1 Be4+ 43. Kg1 Bd2 44. Rd1 Bf4 45. Rf1 Kg7 46. Qb3 Bd5 47. Qd3 b5 48. b3 a5 49. a4 b4 50. Qd1 Be3 51. Bxe3 Rxf1+ 52. Qxf1 Rxf1+ 53. Kxf1 Kg6 54. h4 gxh4 55. Bf4 Bxb3 56. Bc7 Bc4+ 57. Ke1 b3 58. Kd2 h3 0-1

[Event "FRA-chT2 0304"]
[Site "France"]
[Date "2003.10.12"]
[Round "1"]
[White "Vernay, Clovis"]
[Black "Pieroni, Guillaume"]
[Result "0-1"]
[WhiteElo "2147"]
[BlackElo "2082"]
[PlyCount "86"]
[EventDate "2003.10.??"]
[EventType "team"]
[EventRounds "11"]
[EventCountry "FRA"]
[SourceTitle "EXT 2005"]
[Source "ChessBase"]
[SourceDate "2004.11.15"]
[SourceVersion "1"]
[SourceVersionDate "2004.11.15"]
[SourceQuality "1"]

1. d4 e6 2. c4 Nf6 3. Nc3 Bb4 4. Qb3 c5 5. e3 Nc6 6. Bd3 d5 7. a3 Ba5 8. Nf3 cxd4 9. exd4 h6 10. 0-0 0-0 11. c5 Bc7 12. Re1 b6 13. Qa4 Bd7 14. Bb5 Qe8 15. b4 a6 16. Bxc6 Bxc6 17. Qc2 bxc5 18. dxc5 Qb8 19. Ne2 e5 20. Ng3 d4 21. Qf5 Bd7 22. Qd3 Re8 23. Ne4 Nd5 24. Bb2 Nf4 25. Qd2 Bc6 26. Nh4 Qc8 27. f3 Nd5 28. g4 Ne3 29. Rxe3 dxe3 30. Qxe3 a5 31. Nf5 Bxe4 32. Qxe4 axb4 33. axb4 Rxa1+ 34. Bxa1 Qd7 35. Bc3 Qd1+ 36. Kg2 Rd8 37. Ne7+ Kf8 38. Nc6 Rd3 39. Be1 Rb3 40. Qf5 Qe2+ 41. Bf2 g6 42. Qc8+ Kg7 43. Qxc7 Qxf3+ 0-1

[Event "FRA-chT U20 0203"]
[Site "Clichy"]
[Date "2003.01.04"]
[Round "5.1"]
[White "Landre, Tristan"]
[Black "Pieroni, Guillaume"]
[Result "0-1"]
[WhiteElo "1992"]
[BlackElo "2042"]
[PlyCount "72"]
[EventDate "2002.12.??"]
[EventType "team"]
[EventRounds "11"]
[EventCountry "FRA"]
[SourceTitle "EXT 2004"]
[Source "ChessBase"]
[SourceDate "2003.11.25"]
[SourceVersion "1"]
[SourceVersionDate "2003.11.25"]
[SourceQuality "1"]
[WhiteTeam "Clichy"]
[BlackTeam "Avignon"]
[WhiteTeamCountry "FRA"]
[BlackTeamCountry "FRA"]

1. e4 e6 2. d4 d5 3. Nc3 dxe4 4. Nxe4 Nd7 5. Bd3 Ngf6 6. Qe2 Nxe4 7. Bxe4 Nf6 8. Bxb7 Rb8 9. Bxc8 Qxc8 10. Nf3 c5 11. 0-0 Bd6 12. c3 0-0 13. Rb1 Nd5 14. Qe4 cxd4 15. Nxd4 Qc4 16. Ra1 Rfc8 17. Re1 Nf6 18. Qe2 Qc5 19. Be3 Qe5 20. Nf3 Qa5 21. Bd4 Nd5 22. Ne5 Qc7 23. Qd2 Qb7 24. Rab1 f6 25. Nf3 Qa6 26. a3 Bf4 27. Qd1 Rd8 28. g3 Bh6 29. Qc2 e5 30. Bc5 Qc6 31. b4 Nxb4 32. Qb3+ Nd5 33. Qxb8 Rxb8 34. Rxb8+ Kf7 35. Rf8+ Kg6 36. Nh4+ Kh5 0-1

[Event "FRA-chT U20 0203"]
[Site "Clichy"]
[Date "2002.11.30"]
[Round "1.1"]
[White "Pieroni, Guillaume"]
[Black "Forgues, Fabien"]
[Result "1-0"]
[WhiteElo "2024"]
[BlackElo "2110"]
[PlyCount "103"]
[EventDate "2002.12.??"]
[EventType "team"]
[EventRounds "11"]
[EventCountry "FRA"]
[SourceTitle "EXT 2004"]
[Source "ChessBase"]
[SourceDate "2003.11.25"]
[SourceVersion "1"]
[SourceVersionDate "2003.11.25"]
[SourceQuality "1"]
[WhiteTeam "Avignon"]
[BlackTeam "Pau"]
[WhiteTeamCountry "FRA"]
[BlackTeamCountry "FRA"]

1. e4 e6 2. d4 d5 3. Nc3 Nf6 4. Bg5 Be7 5. e5 Nfd7 6. Bxe7 Qxe7 7. f4 a6 8. Nf3 c5 9. a3 Nc6 10. Ne2 Nb6 11. c3 c4 12. Ng3 g6 13. Be2 Na5 14. Qc2 Nb3 15. Rb1 Bd7 16. Bd1 Ba4 17. Qe2 0-0-0 18. Nd2 Nxd2 19. Qxd2 Bxd1 20. Qxd1 h5 21. Nf1 g5 22. Qf3 gxf4 23. Qxf4 Rdg8 24. Ne3 Rg7 25. 0-0 Nd7 26. Rf2 h4 27. Rbf1 h3 28. g3 Rh4 29. Qf3 Re4 30. Nxc4 Reg4 31. Nd6+ Kb8 32. Qe3 Qh4 33. Rf3 Nb6 34. b3 Nc8 35. Nxf7 Qe7 36. Rf6 Qxa3 37. b4 Qb2 38. R6f2 Qb3 39. Nd8 R4g6 40. Qd2 Qc4 41. Rf6 Rg4 42. Nxe6 Qb3 43. Nxg7 Rxg7 44. Rf8 Rc7 45. e6 Rxc3 46. e7 Rc2 47. Qxc2 Qxc2 48. Rxc8+ Kxc8 49. e8Q+ Kc7 50. Qe7+ Kb8 51. Rf8+ Ka7 52. Qc5+ 1-0

[Event "FRA-ch U16"]
[Site "Hyeres"]
[Date "2002.??.??"]
[Round "2.8"]
[White "Pieroni, Guillaume"]
[Black "Burkel, Kevin"]
[Result "0-1"]
[WhiteElo "2029"]
[BlackElo "2133"]
[PlyCount "74"]
[EventDate "2002.04.05"]
[EventType "swiss"]
[EventRounds "9"]
[EventCountry "FRA"]
[SourceTitle "EXT 2003"]
[Source "ChessBase"]
[SourceDate "2002.11.25"]
[SourceVersion "1"]
[SourceVersionDate "2002.11.25"]
[SourceQuality "1"]

1. e4 e5 2. Nf3 Nc6 3. Bb5 f5 4. d3 d6 5. Nc3 Nf6 6. 0-0 Be7 7. h3 a6 8. Bxc6+ bxc6 9. Re1 fxe4 10. dxe4 0-0 11. Qd3 Qe8 12. Ne2 Nh5 13. Ng3 Nxg3 14. fxg3 Bd7 15. Be3 Bxh3 16. Qc4+ Kh8 17. Nxe5 dxe5 18. gxh3 Qg6 19. Bf2 Rf3 20. Re2 Raf8 21. Rd1 Bh4 22. Rd3 Bxg3 23. Rxf3 Rxf3 24. Kf1 Qf7 25. Qxf7 Rxf7 26. Kg2 Rxf2+ 27. Rxf2 Bxf2 28. Kxf2 g5 29. c4 a5 30. a4 h5 31. b4 axb4 32. a5 b3 33. a6 b2 34. a7 b1Q 35. a8Q+ Kg7 36. Qxc6 Qb6+ 37. Qxb6 cxb6 0-1